| 000 | 01249nam a22003497a 4500 | ||
|---|---|---|---|
| 003 | CHAP | ||
| 005 | 20220817044522.0 | ||
| 008 | 120424s1984 it rn 00010 spa d | ||
| 010 | _a103104 | ||
| 011 | _a104076 | ||
| 035 | _a114765 | ||
| 040 | _cCHAP | ||
| 090 | _aFolleto 18181 | ||
| 110 | 2 |
_aUACH. Biblioteca Central _9115820 |
|
| 245 | 1 | 0 |
_aReglamento de la Biblioteca Central de la U.A.CH. _c/por UACH. Biblioteca Central |
| 260 |
_aChapingo, Méx. : _bUACH. Biblioteca Central, _c1984 |
||
| 300 | _a6 p. | ||
| 590 |
_aBATCH-UPD _b10 _c20130110 _lUCH01 _h1010 |
||
| 590 |
_aBATCH-UPD _b10 _c20130410 _lUCH01 _h0618 |
||
| 590 |
_aBATCH-UPD _b10 _c20130914 _lUCH01 _h0623 |
||
| 590 |
_aCONVERSION _b10 _c20130109 _lUCH01 _h1357 |
||
| 650 | 1 | 4 | _aBibliotecas universitarias. |
| 650 | 1 | 4 |
_aBibliotecas _xLegislación. _912517 |
| 650 | 1 | 4 |
_aBibliotecas _xMéxico. _912519 |
| 650 | 1 | 4 |
_aBibliotecas _xNormas. _912525 |
| 901 | _aBK | ||
| 942 | _cFOLL | ||
| 949 |
_aFolleto 18181 _bBC _cFOLL _d33724002329918 _eTS1 _i114765 _sb |
||
| 949 |
_aFolleto 18181 _bBC _cFOLL _d33724002329959 _eTS2 _fc.2 _i114765 _sb |
||
| 949 |
_aFolleto 18181 _bBC _cFOLL _d33724002329991 _eTS2 _fc.3 _i114765 _sb |
||
| 949 |
_aFolleto 18181 _bBC _cFOLL _d33724002330033 _eTS2 _fc.4 _i114765 _sb |
||
| 999 |
_c103104 _d103104 |
||